UM Logo

Control design of a 99% efficiency transformerless EV charger providing standardized grid services / (Record no. 18974)

MARC details
000 -LEADER
fixed length control field 01009nam a22002297a 4500
003 - CONTROL NUMBER IDENTIFIER
control field OSt
005 - DATE AND TIME OF LATEST TRANSACTION
control field 20250911174738.0
008 - FIXED-LENGTH DATA ELEMENTS--GENERAL INFORMATION
fixed length control field 240207b ||||| |||| 00| 0 eng d
040 ## - CATALOGING SOURCE
Transcribing agency 0
082 ## - DEWEY DECIMAL CLASSIFICATION NUMBER
Classification number DPer 621.381 In821 April 2022 v. 37 n. 4
100 ## - MAIN ENTRY--PERSONAL NAME
Personal name Zhou, Liwei.
Relator term author.
9 (RLIN) 51741
245 ## - TITLE STATEMENT
Title Control design of a 99% efficiency transformerless EV charger providing standardized grid services /
Statement of responsibility, etc. Liwei Zhou, Matthew Jahnes, Michael Eull, Weizhong Wang, and Matthias Preindl.
260 ## - PUBLICATION, DISTRIBUTION, ETC. (IMPRINT)
Place of publication, distribution, etc. New York ;
Name of publisher, distributor, etc. The Institute of Electrical and Electronics Engineers, Inc. ,
Date of publication, distribution, etc. April 2022.
300 ## - PHYSICAL DESCRIPTION
Extent Volume 37, pages 4022-4038 :
Other physical details illustration ;
Dimensions 28 cm.
500 ## - GENERAL NOTE
General note IEEE Transaction on Power Electronics, vol. 37, no. 4, pages 4022-4038, April 2022.
700 ## - ADDED ENTRY--PERSONAL NAME
Personal name Zhou, Liwei.
Relator term author.
9 (RLIN) 51741
700 ## - ADDED ENTRY--PERSONAL NAME
Personal name Jahnes, Matthew.
Relator term author.
9 (RLIN) 51742
700 ## - ADDED ENTRY--PERSONAL NAME
Personal name Eull, Michael.
Relator term author.
9 (RLIN) 51743
700 ## - ADDED ENTRY--PERSONAL NAME
Personal name Wang, Weizhong.
Relator term author.
9 (RLIN) 51744
700 ## - ADDED ENTRY--PERSONAL NAME
Personal name Preindl, Matthias.
Relator term author.
9 (RLIN) 51745
942 ## - ADDED ENTRY ELEMENTS (KOHA)
Source of classification or shelving scheme Dewey Decimal Classification
Koha item type Periodicals
Holdings
Withdrawn status Lost status Source of classification or shelving scheme Damaged status Not for loan Collection code Home library Current library Date acquired Total Checkouts Full call number Date last seen Price effective from Koha item type Public note
    Dewey Decimal Classification     Periodicals UM Digos College - LIC UM Digos College - LIC 02/07/2024   DPer 621.381 In821 April 2022 v. 37 n. 4 02/07/2024 02/07/2024 Periodicals Periodical Article